000 00599pam a2200217 a 4500
020 _a8180616606
_c397.00
041 _aeng
_hNULL
082 _a610.3
_bVEN
100 _aDAVIS , F .
245 _aTABER`S CYCLOPEDIC MEDICAL DICTIONARY VOL 1 /
_cNULL.
_hTextual Documents
250 _a20 /
_b.
260 _aNULL :
_bJAYPEE BROTHERS MEDICAL PUB. ,
_c2006.
300 _a1424 :
_bxxxv ;
_cNULL .
365 _a397.00
504 _aGENERAL
653 _aKNOWLEDGE(GENERAL)
700 _aVENES , DONALD .
907 _a3238
_a3230
_a3232
_a3234
930 _a1044
999 _c795580
_d795580